000 00864nam a22002777a 4500
003 PE SENCICO BE
005 20251020182622.0
008 221215b |||||||| |||| 00| 0 eng d
020 _a978-3-8365-6005-4
040 _aPE SENCICO BE
_cPE SENCICO BE
041 _aspa
082 _a720.924897
_bL17
100 1 _9288
_aLahti, Louna
245 1 _aAlvar Aalto :
_b1898-1976, paraíso para gente modesta /
_cLouna Lahti
260 _aKoln:
_bTaschen,
_c2015
300 _a96 p. :
_bil. col.,
_c26 cm.
504 _aBibliografía: p. 96.
600 1 0 _9289
_aAalto, Alvar
650 1 4 _aArquitectos
_9282
650 2 4 _aArquitectura contemporánea
_9472
650 2 4 _aArquitectura de viviendas
_9370
650 2 4 _aDiseño arquitectónico
_918
651 2 4 _9859
_aFinlandia
910 _bhfp
_chfp
942 _2ddc
_cLIB
_h720.924897
_iL17
999 _c3696
_d3696